|
|
|
|
| LEADER |
00000nam0a2200000 4500 |
| 001 |
136777 |
| 005 |
20231101220636.0 |
| 035 |
|
|
|a (RuTPU)RU\TPU\book\148242
|
| 090 |
|
|
|a 136777
|
| 100 |
|
|
|a 20080428d1966 km y0rusy50 ca
|
| 101 |
0 |
|
|a rus
|
| 102 |
|
|
|a RU
|
| 105 |
|
|
|a y z 000zy
|
| 200 |
1 |
|
|a Хозрасчет, рентабельность и кредит
|f З. В. Атлас
|
| 210 |
|
|
|a Москва
|c Экономика
|d 1966
|
| 215 |
|
|
|a 43 с.
|
| 225 |
1 |
|
|a Экономисты о новой хозяйственной реформе в СССР
|
| 606 |
|
|
|a Хозяйственный расчет
|x Промышленные предприятия
|2 stltpush
|3 (RuTPU)RU\TPU\subj\17455
|9 43092
|
| 606 |
|
|
|a Рентабельность
|2 stltpush
|3 (RuTPU)RU\TPU\subj\36853
|9 58080
|
| 610 |
1 |
|
|a экономика
|
| 610 |
1 |
|
|a организация производства
|
| 610 |
1 |
|
|a промышленные предприятия
|
| 610 |
1 |
|
|a экономическая реформа
|
| 610 |
1 |
|
|a хозрасчет
|
| 610 |
1 |
|
|a кредит
|
| 610 |
1 |
|
|a СССР
|
| 675 |
|
|
|a 658.155
|v 3
|
| 686 |
|
|
|a У9(2)0-86
|2 rubbk
|
| 700 |
|
1 |
|a Атлас
|b З. В.
|g Захарий Вениаминович
|
| 801 |
|
1 |
|a RU
|b 63413507
|c 20080428
|g PSBO
|
| 801 |
|
2 |
|a RU
|b 63413507
|c 20180215
|g PSBO
|
| 942 |
|
|
|c BK
|